<The> concept industry 4.0 <an> empirical analysis of technologies and applications in production logistics

Salvato in:
Dettagli Bibliografici
Autore principale: Bartodziej, Christoph Jan
Natura: Libro
Lingua:inglese
Pubblicazione: Wiesbaden Springer Gabler 2017
Serie:BestMasters
Soggetti:
Tags: Aggiungi Tag
Nessun Tag, puoi essere il primo ad aggiungerne!!

MARC

LEADER 00000nam a2200000 4500
001 0234991
005 20240221112622.8
020 |a 978-3-658-16501-7 
041 0 |a eng 
044 |a DE 
245 1 0 |a <The> concept industry 4.0  |b <an> empirical analysis of technologies and applications in production logistics  |c Christoph Jan Bartodziej 
264 1 |a Wiesbaden  |b Springer Gabler  |c 2017 
300 |a xv, 150 s. 
490 1 |a BestMasters 
830 0 |a BestMasters 
610 2 0 |a priemysel 4.0 
610 2 0 |a technológie nové 
610 2 0 |a logistika 
610 2 0 |a produkcia 
610 2 0 |a metódy štatistické 
610 2 0 |a analýza empirická 
610 2 0 |a výroba priemyselná 
610 2 0 |a stratégia inovačná 
610 2 0 |a inovácia 
610 2 0 |a inovácia výrobkov 
610 2 0 |a digitalizácia 
100 1 |a Bartodziej, Christoph Jan